00952 2200313 4500001002100000005001500021035002000036007000300056008004100059020002200100040002200122082001200144084001400156090001700170100004200187245010600229250002000335300003500355650001900390700003000409850001200439504003300451264004000484336002100524337003000545338002300575990002000598990002000618INLIS00000000087606920221215101440 a0010-1222000505ta221215s2019 yoia g ind d a978-602-5480-74-4 aYOPDYOGbinderda04223a781 a781 ADI s aPK 781 ADI s0 aAdi Jarot Pamungkasd1987-epengarang10aSmart book :baku suka musik untuk pelajar dan umum /cAdi Jarot Pamungkas; penyunting, Siti Nurjanah aCetakan I, 2019 a196 halaman :bgambar ;c23 cm 4aMusik--xTeori0 aSiti Nurjanahepenyunting aYOPDYOG aBibliografi: halaman 194-19531aSleman :bCharissa Publisher,c2019 2rdacontentateks 2rdamediaatanpa perantara 2rdacarrieravolume a46701-PD/B.2022 a46702-PD/B.2022